000 00698nam a2200241Ia 4500
003 OSt
005 20220925224918.0
006 a|||||r|||| 00| 0
007 ta
008 220923b |||||||| |||| 00| 0 eng d
037 _cGeneral Book
040 _aRTL
_cRTL
_beng
041 _2eng
_aeng
082 _aYb4, N6
100 _aVan Harskamp Anton Ed.
_95128
245 0 _aConflicts in social science
260 _aLondon
_bRoutledge Published
_c1996
300 _aviii,147p
_ccm.
490 _aRoutledge Studies in social and Political Thought
500 _aBibliography chapterwise
942 _hYb4, N6
_cGB
_2CC
999 _c582566
_d582566